000
00380nam a22001697a 4500
003
MPLRDC
005
20220104123455.0
008
210129b ||||| |||| 00| 0 eng d
082
_a
357.8 QY
100
_a
不详
245
_a
珠宝
_c
260
_a
台湾
_b
泉源出版社
_c
1987
300
_b
64
490
_a
生活系列;17
650
_a
宝石
942
_c
BK
_o
357.8 QY
999
_c
11708
_d
11698